Place : An Introduction /

Estudio que analiza el concepto de lugar y cómo ha venido evolucionando desde mediados del siglo XX. El autor acompaña sus planteamientos con los usos del concepto en espacios específicos, así como la manera que se le ha percibido en el ámbito de la geografía humana y disciplinas afines.

Salvato in:
Dettagli Bibliografici
Autore principale: Cresswell, Tim (autor)
Natura: Libro
Lingua:inglese
Pubblicazione: Malden, EUA : Wiley-Blackwell, 2015, c2015
Edizione:2a edición
Soggetti:
Tags: Aggiungi Tag
Nessun Tag, puoi essere il primo ad aggiungerne!!

MARC

LEADER 00000nam^a2200000^a^4500
001 000439655
005 20250521000000.0
009 20260526145016.887
020 |a 978-0-470-65562-7 
037 |a Acervo ITESO - Biblioteca 
041 |a ING 
082 |a 304. 23  |b CRE 
100 |a Cresswell, Tim  |e (autor) 
245 1 0 |a Place :  |b An Introduction /  |c T. Cresswell. 
250 |a 2a edición 
264 4 |a Malden, EUA :  |b Wiley-Blackwell,  |c 2015, c2015 
300 |a VIII, 220 p. 
336 |a texto  |b txt  |2 rdacontenido 
337 |a sin mediación  |b n  |2 rdamedio 
338 |a volumen  |b nc  |2 rdasoporte 
520 |a Estudio que analiza el concepto de lugar y cómo ha venido evolucionando desde mediados del siglo XX. El autor acompaña sus planteamientos con los usos del concepto en espacios específicos, así como la manera que se le ha percibido en el ámbito de la geografía humana y disciplinas afines. 
521 |a Peticiones 2022 
649 |a XX 
650 |a Espacio Social 
650 |a Espacio (Concepto) -  |x Tema Principal 
650 |a Percepción 
650 |a Geografía Humana 
910 |a Fondo General 
920 |a Impresos - Libros 
930 |a Colección General 
905 |a 101 
901 |a 0500365962  |b IT1  |c ACC  |i C177662  |u 20250521 
902 |a https://opac.biblio.iteso.mx/vufind/Record/000439655